Corporate real estate management : (Record no. 121363)
[ view plain ]
| 000 -LEADER | |
|---|---|
| fixed length control field | 01262aam a22003491i 4500 |
| 001 - CONTROL NUMBER | |
| control field | BDZ0040244329 |
| 003 - CONTROL NUMBER IDENTIFIER | |
| control field | StDuBDS |
| 005 - DATE AND TIME OF LATEST TRANSACTION | |
| control field | 20230206132143.0 |
| 006 - FIXED-LENGTH DATA ELEMENTS--ADDITIONAL MATERIAL CHARACTERISTICS--GENERAL INFORMATION | |
| fixed length control field | m || d | |
| 007 - PHYSICAL DESCRIPTION FIXED FIELD--GENERAL INFORMATION | |
| fixed length control field | cr ||||||||||| |
| 008 - FIXED-LENGTH DATA ELEMENTS--GENERAL INFORMATION | |
| fixed length control field | 230206s2019 gw ob 000 0 ger d |
| 020 ## - INTERNATIONAL STANDARD BOOK NUMBER | |
| ISBN | 9783658268619 |
| Qualifying information | (electronic bk.) |
| 082 04 - DEWEY DECIMAL CLASSIFICATION NUMBER | |
| Classification number | 658.15242 |
| 100 1# - MAIN ENTRY--PERSONAL NAME | |
| Personal author | Glatte, Thomas, |
| Relator term | author. |
| 245 10 - TITLE STATEMENT | |
| Title | Corporate real estate management : |
| Subtitle | Schnelleinstieg fur Architekten und Bauingenieure / |
| Statement of responsibility, etc | Thomas Glatte. |
| 260 ## - PUBLICATION INFORMATION | |
| Place of publication | Wiesbaden, Germany : |
| Publisher | Springer Vieweg, |
| Date | [2019]. |
| 300 ## - PHYSICAL DESCRIPTION | |
| Physical description | 1 online resource. |
| 490 1# - SERIES TITLE | |
| Series statement | Essentials, |
| International Standard Serial Number | 2197-6716 |
| 504 ## - BIBLIOGRAPHY, ETC. NOTE | |
| Bibliography, etc | Includes bibliographical references. |
| 650 #0 - KEYWORDS | |
| Keywords | Real estate management. |
| 650 #0 - KEYWORDS | |
| Keywords | EBOOK |
| 651 ## - SUBJECT ADDED ENTRY--GEOGRAPHIC NAME | |
| Geographic name | Germany |
| 690 ## - BROAD SUBJECT | |
| 9 (RLIN) | 6262 |
| Broad subject | Property management |
| 830 #0 - SERIES ADDED ENTRY--UNIFORM TITLE | |
| Uniform title | Essentials (Springer VS) |
| 856 40 - ONLINE RESOURCE | |
| Uniform Resource Identifier | <a href="https://www.vlebooks.com/vleweb/product/openreader?id=RICS&accId=9491556&isbn=9783658268619">https://www.vlebooks.com/vleweb/product/openreader?id=RICS&accId=9491556&isbn=9783658268619</a> |
| Public note | View on VLEbooks. Logins for members only from [email protected] |
| 942 ## - ADDED ENTRY ELEMENTS (KOHA) | |
| Suppress in OPAC | Do not suppress in OPAC |
| 336 ## - CONTENT TYPE | |
| Content type term | text |
| Source | rdacontent |
| 337 ## - MEDIA TYPE | |
| Media type term | computer |
| Source | rdamedia |
| 338 ## - CARRIER TYPE | |
| Carrier type term | online resource |
| Source | rdacarrier |
| 588 0# - SOURCE OF DESCRIPTION NOTE | |
| Source of description note | Online resource; title from PDF title page (EBSCO, viewed June 25, 2019). |
| 655 #4 - INDEX TERM--GENRE/FORM | |
| Genre/form data or focus term | Electronic books. |
| Lost status | Damaged status | Not for loan | Home library | Current library | Shelving location | Date acquired | Source of acquisition | Total Checkouts | Full call number | Date last seen | Price effective from | Koha item type |
|---|---|---|---|---|---|---|---|---|---|---|---|---|
| Virtual | Virtual | Online | 06/02/2023 | Browns Books | eBook | 06/02/2023 | 06/02/2023 | Book |